[Event "Madrid Oliver Gonzalez Memorial-B 3rd"]
[Site "Madrid"]
[Date "2012.09.09"]
[Round "9"]
[White "Lopez de Turiso, Jose Angel"]
[Black "Rasskin Friederichs, Ivan"]
[Result "1/2-1/2"]
[WhiteElo "2046"]
[BlackElo "2015"]
[PlyCount "65"]
[EventDate "2012.09.01"]
[EventType "swiss"]
[EventRounds "9"]
[EventCountry "ESP"]
[SourceTitle "CBM 150 Extra"]
[Source "ChessBase"]
[SourceDate "2012.10.19"]
[SourceVersion "1"]
[SourceVersionDate "2012.10.19"]
[SourceQuality "1"]

1. c4 Nf6 2. Nc3 g6 3. e4 d6 4. g3 Bg7 5. Bg2 0-0 6. Nge2 e5 7. 0-0 Be6 8. d3 Qd7 9. f4 Nc6 10. Nd5 Bg4 11. Ne3 Bxe2 12. Qxe2 exf4 13. gxf4 Nd4 14. Qf2 Ng4 15. Nxg4 Qxg4 16. Be3 c5 17. Rab1 a5 18. Kh1 Qd7 19. f5 Be5 20. Bxd4 Bxd4 21. Qh4 f6 22. fxg6 hxg6 23. Bh3 Qh7 24. Be6+ Kg7 25. Qxh7+ Kxh7 26. Rf3 Kg7 27. Rh3 Rh8 28. Rxh8 Rxh8 29. Bg4 Rh4 30. h3 Kh6 31. b3 Kg5 32. Rf1 Be3 33. Kg2 1/2-1/2

[Event "Madrid Oliver Gonzalez Memorial-B 3rd"]
[Site "Madrid"]
[Date "2012.09.08"]
[Round "8"]
[White "Fernandez Gil, Ruben Carlos"]
[Black "Rasskin Friederichs, Ivan"]
[Result "1/2-1/2"]
[WhiteElo "1891"]
[BlackElo "2015"]
[PlyCount "60"]
[EventDate "2012.09.01"]
[EventType "swiss"]
[EventRounds "9"]
[EventCountry "ESP"]
[SourceTitle "CBM 150 Extra"]
[Source "ChessBase"]
[SourceDate "2012.10.19"]
[SourceVersion "1"]
[SourceVersionDate "2012.10.19"]
[SourceQuality "1"]

1. e4 c5 2. Nf3 Nc6 3. d4 cxd4 4. Nxd4 Nf6 5. Nc3 e5 6. Ndb5 d6 7. Bg5 a6 8. Na3 Be6 9. Bxf6 gxf6 10. Nc4 Rc8 11. Ne3 Ne7 12. Ncd5 Bxd5 13. Nxd5 Nxd5 14. exd5 Qb6 15. Qg4 Qa5+ 16. b4 f5 17. bxa5 fxg4 18. c4 f5 19. Be2 Bg7 20. Rb1 Rc7 21. Kd2 0-0 22. Rb6 Rd8 23. Rhb1 Rdd7 24. f3 h5 25. Kc3 Bh6 26. Bd1 Bf8 27. R1b4 Bg7 28. Rb1 Bf8 29. R1b4 Bg7 30. Rb1 Bf8 1/2-1/2

[Event "Madrid Oliver Gonzalez Memorial-B 3rd"]
[Site "Madrid"]
[Date "2012.09.04"]
[Round "4"]
[White "Rasskin Friederichs, Ivan"]
[Black "Vargas Huamani, Juan Carlos"]
[Result "1-0"]
[WhiteElo "2015"]
[BlackElo "1898"]
[PlyCount "71"]
[EventDate "2012.09.01"]
[EventType "swiss"]
[EventRounds "9"]
[EventCountry "ESP"]
[SourceTitle "CBM 150 Extra"]
[Source "ChessBase"]
[SourceDate "2012.10.19"]
[SourceVersion "1"]
[SourceVersionDate "2012.10.19"]
[SourceQuality "1"]

1. e4 c5 2. Nc3 Nc6 3. g3 g6 4. Bg2 Bg7 5. d3 e6 6. Be3 Nd4 7. Qd2 Ne7 8. Nd1 d6 9. c3 Ndc6 10. Bh6 0-0 11. h4 f5 12. h5 Qe8 13. Bxg7 Kxg7 14. hxg6 Qxg6 15. Ne2 e5 16. Ne3 f4 17. gxf4 exf4 18. Nd5 f3 19. Bxf3 Rxf3 20. Rg1 Bg4 21. Ndf4 Qf7 22. Rxg4+ Kh8 23. 0-0-0 Rxf2 24. Rh1 Rg8 25. Rgh4 Rg7 26. Qe3 Rxe2 27. Qxe2 Qxa2 28. Qh2 Qg8 29. Rh6 Ne5 30. Rxd6 Nf3 31. Qf2 Ne5 32. Ne6 Rf7 33. Qxc5 N7c6 34. Rd8 Nxd8 35. Qxe5+ Rg7 36. Ng5 1-0

[Event "Madrid Oliver Gonzalez Memorial-B 3rd"]
[Site "Madrid"]
[Date "2012.09.01"]
[Round "1"]
[White "Lacaci Otero, Ivan"]
[Black "Rasskin Friederichs, Ivan"]
[Result "0-1"]
[WhiteElo "1686"]
[BlackElo "2015"]
[PlyCount "60"]
[EventDate "2012.09.01"]
[EventType "swiss"]
[EventRounds "9"]
[EventCountry "ESP"]
[SourceTitle "CBM 150 Extra"]
[Source "ChessBase"]
[SourceDate "2012.10.19"]
[SourceVersion "1"]
[SourceVersionDate "2012.10.19"]
[SourceQuality "1"]

1. e4 g6 2. d4 Bg7 3. Be3 d6 4. Nf3 Nf6 5. Bd3 0-0 6. h3 Nc6 7. c3 e5 8. 0-0 Ne8 9. Nh2 exd4 10. cxd4 Nxd4 11. f4 Qe7 12. Na3 Nf5 13. Bf2 Nd4 14. Nc2 Ne6 15. f5 Nc5 16. Bd4 Nxe4 17. Bxg7 Nxg7 18. Qe1 gxf5 19. g4 d5 20. Nd4 fxg4 21. hxg4 Qc5 22. Qe3 Bd7 23. Rac1 Qb6 24. Rc2 Rae8 25. Rf4 Ne6 26. Rxe4 dxe4 27. Nhf3 Nxd4 28. Nxd4 exd3 29. Qxd3 c5 30. Rh2 Qg6 0-1

[Event "Collado Villalba op-A 29th"]
[Site "Collado Villalba"]
[Date "2012.08.27"]
[Round "4"]
[White "Lopez Ziegler, Carlos"]
[Black "Rasskin Friederichs, Ivan"]
[Result "1/2-1/2"]
[WhiteElo "1918"]
[BlackElo "2027"]
[PlyCount "84"]
[EventDate "2012.08.24"]
[EventType "swiss"]
[EventRounds "9"]
[EventCountry "ESP"]
[SourceTitle "CBM 150 Extra"]
[Source "ChessBase"]
[SourceDate "2012.10.19"]
[SourceVersion "1"]
[SourceVersionDate "2012.10.19"]
[SourceQuality "1"]

1. e4 e6 2. d4 d5 3. e5 c5 4. Nf3 Nc6 5. Bd3 cxd4 6. 0-0 Nge7 7. Re1 Ng6 8. Nbd2 Qc7 9. Bxg6 fxg6 10. Nb3 Be7 11. Nbxd4 0-0 12. c3 Bd7 13. Qe2 a6 14. Bd2 Bc5 15. Nb3 Ba7 16. Rad1 Rf7 17. Bg5 h6 18. Bh4 g5 19. Bg3 Ne7 20. Nbd4 Raf8 21. Qd3 Nf5 22. Nxf5 Rxf5 23. Nd4 Bxd4 24. Qxd4 h5 25. f3 h4 26. Bf2 h3 27. gxh3 Rxf3 28. Bg3 Bb5 29. a4 Bc4 30. Rd2 Qf7 31. Rf2 Qh5 32. Qg4 Qxg4 33. hxg4 Rxf2 34. Bxf2 Rf4 35. h3 Bd3 36. a5 Ra4 37. b4 Ra2 38. Be3 Be4 39. Bxg5 Rg2+ 40. Kf1 Rg3 41. Re3 Bg2+ 42. Kf2 Rxe3 1/2-1/2

[Event "Benidorm op U2200 10th"]
[Site "Benidorm"]
[Date "2011.12.03"]
[Round "2"]
[White "Bas Mas, Miguel"]
[Black "Rasskin Friederichs, Ivan"]
[Result "1-0"]
[WhiteElo "1869"]
[BlackElo "1990"]
[PlyCount "109"]
[EventDate "2011.12.02"]
[EventType "swiss"]
[EventRounds "10"]
[EventCountry "ESP"]
[SourceTitle "CBM 145 Extra"]
[Source "ChessBase"]
[SourceDate "2012.01.03"]
[SourceVersion "1"]
[SourceVersionDate "2012.01.03"]
[SourceQuality "1"]

1. e4 e6 2. d4 d5 3. Nd2 Nf6 4. e5 Nfd7 5. Bd3 c5 6. c3 Nc6 7. Ne2 cxd4 8. cxd4 f6 9. exf6 Nxf6 10. Nf3 Bd6 11. Bg5 0-0 12. 0-0 Qc7 13. Qc2 g6 14. Bh6 Rd8 15. Bxg6 Ng4 16. Bg5 hxg6 17. Qxg6+ Qg7 18. Qxg7+ Kxg7 19. Bxd8 Nxd8 20. h3 Nh6 21. Ne5 Nf5 22. f4 Nc6 23. Nxc6 bxc6 24. g4 Ne3 25. Rf3 Nc4 26. b3 Nd2 27. Rc3 Bb7 28. Ng3 Kf7 29. Nh5 Bb4 30. Rg3 Ne4 31. Rg2 c5 32. dxc5 Bxc5+ 33. Kh2 d4 34. Ng3 Nf6 35. Rd2 Rh8 36. Ne2 Nxg4+ 37. Kg3 Ne3 38. Rc1 Rg8+ 39. Kf2 Rg2+ 40. Ke1 Rh2 41. Rxc5 Rh1+ 42. Kf2 Rf1+ 43. Kg3 Rf3+ 44. Kh4 Ng2+ 45. Kg5 Ba6 46. Rc7+ Ke8 47. Nxd4 Rg3+ 48. Kf6 Nxf4 49. Re7+ Kf8 50. Nxe6+ Nxe6 51. Rxe6 Rf3+ 52. Kg5 Bb7 53. Rf6+ Ke7 54. Rxf3 Bxf3 55. h4 1-0

[Event "Madrid Oliver Gonzalez Memorial 1st"]
[Site "Madrid"]
[Date "2010.10.14"]
[Round "6"]
[White "Franco Rincon, David"]
[Black "Rasskin Friederichs, Ivan"]
[Result "0-1"]
[WhiteElo "1770"]
[BlackElo "1905"]
[PlyCount "114"]
[EventDate "2010.10.09"]
[EventType "swiss"]
[EventRounds "9"]
[EventCountry "ESP"]
[SourceTitle "CBM 138 Extra"]
[Source "ChessBase"]
[SourceDate "2010.10.29"]
[SourceVersion "1"]
[SourceVersionDate "2010.10.29"]
[SourceQuality "1"]

1. e4 e6 2. d4 d5 3. exd5 exd5 4. Bd3 Bd6 5. c3 Nc6 6. Nf3 Nge7 7. 0-0 Bg4 8. Bg5 f6 9. Bh4 g5 10. Bg3 h5 11. Re1 h4 12. Bg6+ Kf8 13. Bxd6 Qxd6 14. Bd3 Bh5 15. Be2 Ng6 16. Ne5 Bxe2 17. Nxg6+ Kg7 18. Rxe2 Kxg6 19. Qd3+ Kg7 20. Nd2 Rae8 21. Rae1 Rxe2 22. Qxe2 Rd8 23. Nf1 Rd7 24. Ne3 Qf4 25. Qg4 Qxg4 26. Nxg4 Re7 27. Kf1 Rxe1+ 28. Kxe1 f5 29. Ne3 Ne7 30. f3 c6 31. Ke2 Kf6 32. Kd3 Ke6 33. b3 b5 34. a3 Nc8 35. c4 dxc4+ 36. bxc4 Nb6 37. d5+ cxd5 38. cxb5 Ke5 39. Nc2 Nc4 40. Kc3 f4 41. Nd4 Nxa3 42. Nc6+ Kd6 43. Nxa7 Kc5 44. Nc8 Nxb5+ 45. Kd3 Nd6 46. Ne7 Nc4 47. Nf5 Ne5+ 48. Kc3 h3 49. gxh3 Nxf3 50. Kd3 Nxh2 51. Nd4 Kd6 52. Ke2 Ke5 53. Nc2 Ke4 54. Kf2 Nf3 55. Nb4 Ne5 56. Nc2 d4 57. Ne1 Nd3+ 0-1

[Event "Mislata op-B"]
[Site "Mislata"]
[Date "2010.08.19"]
[Round "6"]
[White "Martinez Villena, David"]
[Black "Rasskin Friederichs, Ivan"]
[Result "1-0"]
[WhiteElo "1971"]
[BlackElo "1905"]
[PlyCount "47"]
[EventDate "2010.08.16"]
[EventType "swiss"]
[EventRounds "9"]
[EventCountry "ESP"]
[SourceTitle "EXT 2012"]
[Source "ChessBase"]
[SourceDate "2011.11.24"]
[SourceVersion "1"]
[SourceVersionDate "2011.11.24"]
[SourceQuality "1"]

1. d4 Nf6 2. c4 g6 3. Nc3 Bg7 4. e4 0-0 5. f4 d6 6. Nf3 c5 7. d5 e6 8. Be2 exd5 9. cxd5 Re8 10. e5 dxe5 11. fxe5 Ng4 12. Bg5 Qa5 13. 0-0 Nxe5 14. d6 h6 15. Be7 Nbc6 16. Nxe5 Bxe5 17. Nd5 Nxe7 18. Nxe7+ Kg7 19. Bc4 f5 20. Qd5 Bd4+ 21. Kh1 Rf8 22. d7 Bxd7 23. Qxd7 Kf6 24. Qe6+ 1-0

[Event "Patrimonio op 2nd"]
[Site "Alcala de Henares"]
[Date "2007.10.10"]
[Round "4"]
[White "Garcia Roman, Jose Luis Machado"]
[Black "Rasskin Friederichs, Ivan"]
[Result "1-0"]
[WhiteElo "1991"]
[BlackElo "1781"]
[PlyCount "109"]
[EventDate "2007.10.07"]
[EventType "swiss"]
[EventRounds "9"]
[EventCountry "ESP"]
[SourceTitle "EXT 2008"]
[Source "ChessBase"]
[SourceDate "2007.11.25"]
[SourceVersion "1"]
[SourceVersionDate "2007.11.25"]
[SourceQuality "1"]

1. d4 Nf6 2. Nf3 g6 3. c4 Bg7 4. Nc3 0-0 5. e4 d6 6. Bd3 e5 7. d5 a5 8. h3 Na6 9. g4 Nc5 10. Bc2 b6 11. Qe2 Ne8 12. Bg5 Bf6 13. Bh6 Bg7 14. Be3 f5 15. gxf5 gxf5 16. 0-0-0 fxe4 17. Nxe4 Nxe4 18. Bxe4 Nf6 19. Bc2 Qe8 20. Rdg1 Nh5 21. Bh6 Kh8 22. Bxg7+ Nxg7 23. Ng5 Nf5 24. Qe4 Qh5 25. f4 Nd4 26. fxe5 Ne2+ 27. Kb1 Bf5 28. Qe3 Bxc2+ 29. Kxc2 Nxg1 30. Rxg1 Qg6+ 31. Kc1 dxe5 32. Qxe5+ Qf6 33. Qxc7 Qf4+ 34. Qxf4 Rxf4 35. Rg4 Rxg4 36. hxg4 h6 37. Nf7+ Kh7 38. Kd2 Re8 39. d6 Re4 40. Kd3 Re1 41. Kc2 Re2+ 42. Kc3 Re3+ 43. Kd4 Re1 44. Ne5 Rd1+ 45. Nd3 Rf1 46. d7 Rf8 47. Kd5 Kg7 48. Ne5 Kf6 49. Kd6 a4 50. b4 axb3 51. axb3 Rg8 52. b4 Rd8 53. c5 bxc5 54. bxc5 Kg5 55. Nf7+ 1-0

[Event "Benidorm op U2000 06th"]
[Site "Benidorm"]
[Date "2007.??.??"]
[Round "1"]
[White "Gil Quilez, Sonia"]
[Black "Rasskin Friederichs, Ivan"]
[Result "1-0"]
[WhiteElo "1935"]
[BlackElo "1780"]
[PlyCount "61"]
[EventDate "2007.11.??"]
[EventType "swiss"]
[EventRounds "9"]
[EventCountry "ESP"]
[SourceTitle "EXT 2010"]
[Source "ChessBase"]
[SourceDate "2010.11.25"]
[SourceVersion "1"]
[SourceVersionDate "2010.11.25"]
[SourceQuality "1"]

1. d4 Nf6 2. c4 g6 3. Nc3 Bg7 4. e4 d6 5. f3 0-0 6. Bg5 c5 7. d5 Qa5 8. Qd2 a6 9. h4 h5 10. Be2 Nbd7 11. g4 Re8 12. Nh3 hxg4 13. fxg4 Ne5 14. h5 Bxg4 15. h6 Bh8 16. Bxg4 Nxc4 17. Qe2 Nxb2 18. Qxb2 Nxg4 19. h7+ Kxh7 20. Nf2+ Kg8 21. Rxh8+ Kxh8 22. Nxg4 f6 23. Bd2 Qc7 24. 0-0-0 Kg7 25. Ne2 Kf7 26. Nf4 Rh8 27. Ne6 Qd7 28. Rf1 c4 29. Rxf6+ Ke8 30. Rf1 Rh3 31. Rf8# 1-0